000 00818nam a2200253Ia 4500
003 OSt
005 20221005104906.0
006 a|||||r|||| 00| 0
007 ta
008 221004b |||||||| |||| 00| 0 hin d
024 _a31829
037 _cTextual
040 _aCRL
_cCRL
_bhin
041 _2hin
_ahin
082 _aO157,3M61,21, 156M6
100 _aठाकुर, रविन्द्रनाथ
245 0 _aनौका डूबी
246 _aNaukā ḍūbī
260 _aदिल्ली
_bसरस्वती विहार भारत
_c1986
300 _a251पृ.
_ccm.
650 _aहिन्दी कहानी
942 _hO157,3M61,21, 156M6
_cTEXL
_2cc
999 _c1014089
_d1014089